书目信息 |
| 题名: |
中学文言文评析注译
|
|
| 作者: | ;甘肃师范大学中文系 编 | |
| 分册: | 初中部分 | |
| 出版信息: | 兰州 甘肃人民出版社 1980 |
|
| 页数: | 210页 | |
| 开本: | 19cm | |
| 丛书名: | ||
| 单 册: | ||
| 中图分类: | G634.3 , G633.3 | |
| 科图分类: | ||
| 主题词: | 文言文--初中--教学参考资料 | |
| 电子资源: | ||
| ISBN: | ||
| 000 | 00742nam0 2200253 45 | |
| 001 | 0180001286 | |
| 005 | 20040505093925.3 | |
| 010 | @dCNY0.57 | |
| 091 | @a7096.64 | |
| 100 | @a19950616d1980 em y0chiy0121 ea | |
| 101 | 0 | @achi |
| 102 | @aCN@b620000 | |
| 105 | @ay z 000yy | |
| 106 | @ar | |
| 200 | 10 | @a中学文言文评析注译@Azhong xue wen yan wen ping xi zhu yi@h初中部分@f甘肃师范大学中文系编 |
| 210 | @a兰州@c甘肃人民出版社@d1980 | |
| 215 | @a210页@d19cm | |
| 606 | @a文言文@x初中@x教学参考资料 | |
| 690 | @aG634.3@v3 | |
| 690 | @aG633.3 | |
| 711 | 02 | @a甘肃师范大学中文系@Agan su shi fan da xue zhong wen xi@4编 |
| 801 | 0 | @aCN@b上海图书馆@c20040505 |
| 801 | 2 | @aCN@bNLC@c20040505 |
| 905 | @f1@b141986@f1@b141988@dG633.3@e105 | |
| 中学文言文评析注译.初中部分/甘肃师范大学中文系编.-兰州:甘肃人民出版社,1980 |
| 210页;19cm |
| ISBN :CNY0.57 |
| ● |
| 相关链接 |
|
|
|
|
正题名:中学文言文评析注译
索取号:G633.3/105
 
预约/预借
| 序号 | 登录号 | 条形码 | 馆藏地/架位号 | 状态 | 备注 |
| 1 | 0141986 | 000479789 | 密集书库/ [索取号:G633.3/105] | 在馆 | |
| 2 | 0141988 | 000479805 | 密集书库/ [索取号:G633.3/105] | 在馆 | |
| 3 | 0141990 | 000479798 | 第一样本阅览室/ [索取号:G633.3/105] | 在馆 |